ბათუმის შოთა რუსთაველის სახელმწიფო უნივერსიტეტის ბიბლიოთეკა

სამეანო-გინეკოლოგიური ტერმინოლოგია. 1, რუსულ-ქართულ-ლათინური / (ბიბ.ჩანაწერი № 62644)

000 -ლიდერი
ფიქსირებული სიგრძის საკონტროლო ველი 01167nam a22002177a 4500
003 - საკონტროლო ნომრის იდენტიფიკატორი
საკონტროლო ველი Ge_BSU
005 - ბოლო ოპერაციის თარიღი და დრო
საკონტროლო ველი 20241227110911.0
008 - ფიქსირებული სიგრძის მონაცემთა ელემენტები - ზოგადი ინფორმაცია
ფიქსირებული სიგრძის საკონტროლო ველი 241227s1958 ge ||||| |||| 00| 0 geo d
041 ## - ენის კოდი
Language code of text/sound track or separate title geo
080 ## - უნივერსალური ათობითი კლასიფიკაციის ინდექსი
Universal Decimal Classification number 618.1/.2(038) ს-22
100 ## - მთავარი ჩანაწერი - პიროვნების სახელი
Personal name უსტიაშვილი, ა.
9 (RLIN) 24033
245 ## - ცნობა სათაურის შესახებ
Title სამეანო-გინეკოლოგიური ტერმინოლოგია. 1, რუსულ-ქართულ-ლათინური /
Statement of responsibility, etc შედგ.: ა. უსტიაშვილისა და ბ. კოპალეიშვილის მიერ ; რედ. ლ.ვ. ელიაშვილი.
264 ## - წარმოების, გამოცემის, დისტრიბუციის და სხვა ცნობები
გამოცემის, წარმოების, დისტრიბუციის... ადგილი თბ. :
გამოცემის, წარმოების, დისტრიბუციის... სახელწოდება საბჭ. საქართველო,
გამოცემის, წარმოების, დისტრიბუციის... თარიღი 1958.
300 ## - ფიზიკური აღწერა
Extent 159 გვ.;
Other physical details 22 სმ.
500 ## - ზოგადი შენიშვნა
General note ყდ. გაშლილი თავფურც. რუს. ენაზე.
653 ## - INDEX TERM--UNCONTROLLED
Uncontrolled term მედიცინა
653 ## - INDEX TERM--UNCONTROLLED
Uncontrolled term გინეკოლოგია
700 ## - ADDED ENTRY--PERSONAL NAME
Personal name კოპალეიშვილი, ბ.,
Relator term შემდგენელი
9 (RLIN) 24034
700 ## - ADDED ENTRY--PERSONAL NAME
Personal name ელიაშვილი, ლ.ვ.
Relator term რედაქტორი
9 (RLIN) 22617
942 ## - ADDED ENTRY ELEMENTS (KOHA)
Source of classification or shelving scheme
Koha item type წიგნი
ეგზემპლარები
ჩამოწერის სტატუსი დაკარგული ეგზემპლარის სტატუსი კლასიფიკაციის წყარო ან თაროზე გაწყობის სქემა დაზიანების სტატუსი არ გაიცემა მუდმივი მდებარეობა (დაცვის ადგილი) ამჟამინდელი ადგილსამყოფელი თაროზე განთავსების ადგილი შეძენის თარიღი ღირებულება, შესყიდვის ნორმალური ფასი სრული შენახვის შიფრი შტრიხკოდი ბოლო ოპერაციის თარიღი ეგზემპლარის მიმდევრობითი ნომერი (კეტერი?) ფასის ძალაში შესვლის თარიღი ეგზემპლარის სახეობა საჯარო შენიშვნა
          ბათუმის შოთა რუსთაველის სახელმწიფო უნივერსიტეტის მთავარი ბიბლიოთეკა ბათუმის შოთა რუსთაველის სახელმწიფო უნივერსიტეტის მთავარი ბიბლიოთეკა წიგნსაცავი 2024-12-27 0.00 618.1/.2(038) ს-22 70106 2024-12-27 70106 2024-12-27 წიგნი 0,92 თ.